Water for elephants: a novel
Guardat en:
| Autor principal: | |
|---|---|
| Format: | Llibre |
| Idioma: | anglès |
| Publicat: |
Algonquin Books
2006
|
| Etiquetes: |
Afegir etiqueta
Sense etiquetes, Sigues el primer a etiquetar aquest registre!
|
MARC
| LEADER | 00000nam a22000007a 4500 | ||
|---|---|---|---|
| 008 | 210122b ||||| |||| 00| 0 eng d | ||
| 020 | |a 978-1-56512-560-5 | ||
| 100 | |a GRUEN, Sara | ||
| 245 | |a Water for elephants: a novel |c Sara Gruen |g PS3607 .R696W29 | ||
| 260 | |b Algonquin Books |c 2006 |h USA |i 681503 |l PS3607 .R696W29 |m Circus - Fiction |m Depressions - 1992 - Fiction. |m Circus performers - Fiction. | ||
| 942 | |a lcc |c BK |e Ogunmilade F.T. |f 22/1/2021 | ||
| 952 | |0 0 |1 0 |2 lcc |4 0 |7 0 |9 1604 |a HOL |b HOL |d 2021-01-22 |l 0 |o 681503 |p 2021-0392 |r 2021-01-22 00:00:00 |w 2021-01-22 |y BK | ||
| 999 | |c 849 |d 849 | ||